LEADER 00949nam0 2200277 450 001 000008618 005 20071121132254.0 010 $a88-14-10187-6 100 $a20071121d2003----km-y0itay50------ba 101 0 $aita 102 $aIT 105 $ay-------001yy 200 1 $a<>processo speciale accelerato$eart. 23-bis della Legge 6 dicembre 1971, n. 1034$fMarco Lipari 210 $aMilano$cGiuffrè$d2003 215 $aVIII, 369 p.$d23 cm 225 2 $a<>nuovo processo amministrativo$v3 410 0$12001$a<>nuovo processo amministrativo$v3 610 1 $aProcedimento giurisdizionale amministrativo 610 1 $aProcedimento giurisdizionale amministrativo - Termini 676 $a342.450664$v21 700 1$aLipari,$bMarco$0231973 801 0$aIT$bUNIPARTHENOPE$c2007$gRICA$2UNIMARC 912 $a000008618 951 $aI-0027$b036972$cNAVA3$d20071121 996 $aProcesso speciale accelerato$9943947 997 $aUNIPARTHENOPE